| 000 | 00970nam a2200217Ia 4500 | ||
|---|---|---|---|
| 003 | OSt | ||
| 005 | 20200825131444.0 | ||
| 008 | 191128s2006 ck a fr 000 0 spa d | ||
| 040 |
_aCO-JMCR _cCO-JMCR |
||
| 041 | 0 | _aspa | |
| 082 | 0 | 4 |
_a350.003 / _bC718e _223 |
| 110 | 1 |
_aColombia. _bDepartamento Administrativo de la Función Pública _99207 |
|
| 245 | 1 | 0 |
_aEstructura del Estado Colombiano / _cDepartamento Administrativo de la Función Pública |
| 260 |
_aBogotá : _bSena, _c2006 |
||
| 300 |
_a617 páginas : _bilustraciones a blanco y negro ; _c28 cm. |
||
| 505 | 0 | _aSector de la Presidencia de la República -- Sector de Interior y Justicia -- Sector de Relaciones Exteriores -- Sector Hacienda y Crédito Público -- Sector de la Defensa Nacional -- Sector Agricultura y Desarrollo Rural | |
| 650 | 1 | 4 |
_aAdministración pública _zColombia _99177 |
| 650 | 1 | 4 |
_aInstituciones públicas _zColombia _99208 |
| 650 | 1 | 4 |
_aGobierno local _zColombia _99209 |
| 942 |
_2ddc _cBK |
||
| 999 |
_c5933 _d5933 |
||